000
00298nam a2200121Ia 4500
008
240624s9999 xx 000 0 und d
041
_a
eng
082
_a
658.83 GUP
100
_a
GUPTA G L
245
_a
MARKETING RESEARCH
260
_c
2000
_a
New Delhi
_b
Excel Books
300
_a
vii, : 297 : p. : cm. ; 25
999
_c
44
_d
44